Интерпретация данных системы контроля и управления доступом; Перспективы развития фундаментальных наук; Т. 7 : IT-технологии и электроника
| Parent link: | Курзина, И. А. (химик ; 1972-). Перспективы развития фундаментальных наук=Prospects of Fundamental Sciences Development: сборник научных трудов XXI Международной конференции студентов, аспирантов и молодых ученых, г. Томск, 23-26 апреля 2024 г..— .— Томск: Изд-во ТПУ Т. 7 : IT-технологии и электроника.— 2024.— С. 57-59 |
|---|---|
| Autor principal: | |
| Autor Corporativo: | |
| Outros Autores: | |
| Resumo: | Заглавие с экрана In the present study, we address the challenge of interpreting data from the Physical Access Control System (PACS) of Tomsk Polytechnic University (TPU). Given the complexity of the data, which includes inconsistencies and missing information, the research devises a novel interpretation method aimed at identifying actual entries and exits Текстовый файл |
| Idioma: | russo |
| Publicado em: |
2024
|
| Assuntos: | |
| Acesso em linha: | http://earchive.tpu.ru/handle/11683/80463 |
| Formato: | Recurso Electrónico Capítulo de Livro |
| KOHA link: | https://koha.lib.tpu.ru/cgi-bin/koha/opac-detail.pl?biblionumber=674288 |
MARC
| LEADER | 00000naa2a2200000 4500 | ||
|---|---|---|---|
| 001 | 674288 | ||
| 005 | 20241004142918.0 | ||
| 090 | |a 674288 | ||
| 100 | |a 20240829d2024 k||y0rusy50 ca | ||
| 101 | 0 | |a rus | |
| 102 | |a RU | ||
| 135 | |a drcn ---uucaa | ||
| 200 | 1 | |a Интерпретация данных системы контроля и управления доступом |d Interpretation of physical access control system data |f К. И. Киселев |g науч. рук. А. Д. Брагин ; Национальный исследовательский Томский политехнический университет |z eng | |
| 300 | |a Заглавие с экрана | ||
| 320 | |a Список литературы: 2 назв. | ||
| 330 | |a In the present study, we address the challenge of interpreting data from the Physical Access Control System (PACS) of Tomsk Polytechnic University (TPU). Given the complexity of the data, which includes inconsistencies and missing information, the research devises a novel interpretation method aimed at identifying actual entries and exits | ||
| 336 | |a Текстовый файл | ||
| 461 | 1 | |0 674010 |t Перспективы развития фундаментальных наук |l Prospects of Fundamental Sciences Development |o сборник научных трудов XXI Международной конференции студентов, аспирантов и молодых ученых, г. Томск, 23-26 апреля 2024 г. |9 674010 |a Курзина, И. А. (химик ; 1972-) |c Томск |n Изд-во ТПУ | |
| 463 | 1 | |0 674014 |t Т. 7 : IT-технологии и электроника |v С. 57-59 |d 2024 |9 674014 |p 1 файл (31,4 MB, 190 с.) |u conference_tpu-2024-C21_V7.pdf |l Vol. 7 : IT-technologies and Electronics | |
| 610 | 1 | |a труды учёных ТПУ | |
| 610 | 1 | |a электронный ресурс | |
| 610 | 1 | |a PACS | |
| 610 | 1 | |a ETL | |
| 610 | 1 | |a EDA | |
| 700 | 1 | |a Киселев |b К. И. | |
| 702 | 1 | |a Брагин |b А. Д. |c специалист в области электротехники |c аспирант Томского политехнического университета |f 1991- |g Александр Дмитриевич |4 727 | |
| 712 | 0 | 2 | |a Национальный исследовательский Томский политехнический университет |c (2009- ) |9 26305 |4 570 |
| 801 | 0 | |a RU |b 63413507 |c 20240829 |g RCR | |
| 856 | 4 | |z http://earchive.tpu.ru/handle/11683/80463 |u http://earchive.tpu.ru/handle/11683/80463 | |
| 942 | |c CF | ||